000 00307 a2200109 4500
001 ART_30512
005 20260410162003.0
008 260409a
245 1 0 _aEl desafío de las migraciones
100 1 _aAncarola, Gerardo
773 0 _tForo político
_g- Vol. XXIII (ago. 1998)
_wREV30389
999 _c31484
_d31484